000 00331nam a2200121Ia 4500
008 190723s9999 xx 000 0 und d
020 _a978-81-207-8943-2
100 _aP.D.Shenoy and T.Y.
245 0 _aBanking Services and Customer Protection
260 _aNew Delhi
_bSterling Paperbacks
_c2014
300 _a512.:P
942 _cBK
999 _c1447
_d1447